| 000 | 00678nam a2200181Ia 4500 | ||
|---|---|---|---|
| 003 | GCL | ||
| 008 | 140319s9999 xx 000 0 ara d | ||
| 040 |
_aGCL / _cGCL |
||
| 082 | 0 | 4 |
_a410 _bم ج |
| 100 | 1 | _aمصطفى الشكعة | |
| 245 | 1 | 0 |
_aجلال الدين السيوطى : مسيرتة العلمية ومباحثه اللغوية / _cمصطفى الشكعة |
| 260 |
_a[S.N] : _bالدار المصرية اللبنانية ، _c1994 |
||
| 300 | _a350 ص | ||
| 490 |
_aسلسلة موسوعة الدراسات السيوطية _v0 |
||
| 650 | 0 | 4 | _aجلال الدين السيوطى |
| 650 | 0 | 4 | _aاللغة العربية - تاريخ ونقد |
| 942 |
_2ddc _cBK |
||
| 999 |
_c35596 _d35596 |
||